10 Most Spoken Languages By Residents Of New York - Statistics

General Stats
  • This quiz has been taken 170 times
  • The average score is 8 of 10
Answer Stats
% Answer % Correct
14.44 Spanish
99%
0.75 French
96%
1.18 Italian
94%
2.61 Chinese
90%
0.22 German
87%
1.20 Russian
85%
0.53 Korean
76%
0.63 Polish
75%
0.33 Urdu
39%
0.43 Bengali
36%
No matching quizzes found
Score Distribution
Percent of People with Each Score
Percentile by Number Answered
Your Score History
You have not taken this quiz